00733nam a2200241Ia 4500003000400000005001700004008004000021020001500061040000700076041000800083082001600091100002300107245005400130260004000184300001300224440004200237650002600279690002700305906001100332942001200343999001700355952011900372OSt20250818112102.0210210b1989 xxu||||| |||| 00| 0 eng d a8170411475 cAL aeng a954.03 BAKS aS R Bakshi9236156 aStruggle for independence b: Motilal Nehru Vol 5 aNew DelhibAnmol Publicationsc1989 avi,327p. aIndian Freedom Fighters Vol 59236157 aMotilal Nehru9236158 aIndian History9236159 a044204 2ddccBK c93978d93978 00102ddc40738HISaALbALcRSd2021-02-17g250.00l0o954.03 BAKSp044204r2021-02-17 00:00:00w2021-02-17yREF